[Event "Dolakha Tamang Memorial"]
[Site "Dolakha"]
[Date "2023.05.22"]
[Round "7"]
[White "Gaurav, Kumar"]
[Black "Puri, Rajan"]
[Result "1/2-1/2"]
[WhiteElo "1713"]
[BlackElo "1941"]
[PlyCount "64"]
[EventDate "2023.05.19"]
[EventType "swiss"]
[EventRounds "9"]
[EventCountry "NEP"]
[SourceTitle "EXT 2024"]
[Source "ChessBase"]
[SourceDate "2023.10.10"]
[SourceVersion "1"]
[SourceVersionDate "2023.10.10"]
[SourceQuality "1"]

1. e4 e5 2. Nf3 Nc6 3. Bb5 a6 4. Ba4 Nf6 5. 0-0 b5 6. Bb3 Be7 7. Bd5 Bb7 8. d4 Nxd5 9. exd5 Nb4 10. Nxe5 d6 11. Nc6 Nxc6 12. dxc6 Bxc6 13. d5 Bd7 14. Nc3 0-0 15. Qh5 Bf6 16. Ne4 Re8 17. Qf3 Be5 18. Bg5 Qc8 19. Rae1 Bf5 20. c3 Bg6 21. Ng3 Bxg3 22. fxg3 Qd7 23. g4 Rxe1 24. Rxe1 Re8 25. Bh4 Rxe1+ 26. Bxe1 Qe8 27. Bf2 Qe4 28. Qxe4 Bxe4 29. Ba7 Bxd5 30. Bb8 Bxa2 31. Bxc7 Be6 32. g5 d5 1/2-1/2

[Event "World Corporate East A"]
[Site "Chess.com INT"]
[Date "2021.02.19"]
[Round "2.7"]
[White "Gaurav, Kumar"]
[Black "Furtak, Joanna"]
[Result "0-1"]
[WhiteElo "1713"]
[BlackElo "1868"]
[PlyCount "88"]
[EventDate "2021.02.19"]
[EventType "team (rapid)"]
[EventRounds "7"]
[EventCountry "USA"]
[SourceTitle "EXT 2022"]
[Source "ChessBase"]
[SourceDate "2021.10.06"]
[SourceVersion "1"]
[SourceVersionDate "2021.10.06"]
[SourceQuality "1"]
[WhiteTeam "Hyland Software Solutions"]
[BlackTeam "Sabre"]
[WhiteTeamCountry "IND"]
[BlackTeamCountry "POL"]

1. e4 c5 2. Nf3 Nc6 3. Bc4 e6 4. Nc3 a6 5. a4 Nge7 6. d4 cxd4 7. Nxd4 Nxd4 8. Qxd4 Nc6 9. Qe3 Be7 10. 0-0 Qc7 11. Re1 Ne5 12. Bb3 Ng4 13. Qf4 Qxf4 14. Bxf4 Bc5 15. Be3 Nxe3 16. fxe3 0-0 17. e5 d5 18. exd6 Bxd6 19. Ne4 Be5 20. c3 b6 21. Rad1 Bb7 22. Nd6 Bc6 23. Rf1 Rad8 24. Nxf7 Rxd1 25. Nh6+ gxh6 26. Bxe6+ Kg7 27. Rxd1 Bxa4 28. b3 Bc6 29. c4 Kf6 30. Rf1+ Ke7 31. Bd5 Bxd5 32. Rxf8 Kxf8 33. cxd5 Ke7 34. e4 Kd6 35. Kf2 Kc5 36. Kf3 Kb4 37. g3 Kxb3 38. Kg4 Kc4 39. Kf5 Kd4 40. Ke6 Kxe4 41. d6 Bxd6 42. Kxd6 a5 43. Kc6 a4 44. Kxb6 a3 0-1

[Event "IND-ch U15"]
[Site "Mumbai"]
[Date "2009.11.01"]
[Round "1"]
[White "Gaurav, Kumar"]
[Black "Anurag, Mhamal"]
[Result "0-1"]
[WhiteElo "1671"]
[BlackElo "2222"]
[PlyCount "96"]
[EventDate "2009.11.01"]
[EventType "swiss"]
[EventRounds "11"]
[EventCountry "IND"]
[SourceTitle "EXT 2011"]
[Source "ChessBase"]
[SourceDate "2010.11.26"]
[SourceVersion "1"]
[SourceVersionDate "2010.11.26"]
[SourceQuality "1"]

1. e4 c5 2. Nf3 e6 3. d4 cxd4 4. Nxd4 a6 5. Nc3 Qc7 6. Be3 Nf6 7. a3 b5 8. Bd3 Bb7 9. f3 d6 10. 0-0 Nbd7 11. f4 Be7 12. h3 Rc8 13. Qe2 h5 14. Rad1 h4 15. Qd2 Nc5 16. Bf2 Nfxe4 17. Nxe4 Nxe4 18. Qe3 Nxf2 19. Qxf2 Rh6 20. c3 Bd5 21. Be2 Rf6 22. Qe3 Qc5 23. Qf2 e5 24. Bg4 Rxf4 25. Nf3 f5 26. Qxc5 Rxc5 27. Bh5+ Bf7 28. Bxf7+ Kxf7 29. Rd2 g5 30. Rfd1 g4 31. hxg4 fxg4 32. Nh2 Rc8 33. Nf1 Ke6 34. Ne3 Rcf8 35. Nd5 R4f5 36. Nc7+ Kf7 37. Nxa6 Kg7 38. Nc7 Rb8 39. Rd5 g3 40. Rxb5 Rxb5 41. Nxb5 Bg5 42. Nxd6 Be3+ 43. Kh1 Rf2 44. Nc4 Bf4 45. Kg1 Rc2 46. Rf1 Bg5 47. Nxe5 Be3+ 48. Kh1 h3 0-1